| 000 | 00534nam a2200193Ia 4500 | ||
|---|---|---|---|
| 005 | 20250326144718.0 | ||
| 008 | 250326s9999 xx 000 0 und d | ||
| 020 | _a1-4039-9592-3 | ||
| 037 | _aTextbook | ||
| 040 |
_aFMSL _beng _cFMSL |
||
| 041 |
_aeng _2eng |
||
| 084 |
_aX:71 P6 _qFMSL |
||
| 100 |
_aArino A _9750022 |
||
| 245 | 0 |
_aStrategic alliances: goverce and contracts _cArino A; Reuer J J |
|
| 260 |
_a. _b., Palgrave macmillan _c2006 |
||
| 300 | _a239p | ||
| 942 |
_cTB _hX:71 P6 |
||
| 999 |
_c1304718 _d1304718 |
||